APPLIED FUNCTIONAL ANALYSIS AND VARATIONAL METHODS IN ENGINEERING (Record no. 567371)
[ view plain ]
| 000 -LEADER | |
|---|---|
| fixed length control field | 00283nam a22001097a 4500 |
| 082 ## - DEWEY DECIMAL CLASSIFICATION NUMBER | |
| Classification number | 515 RED'A |
| 100 ## - MAIN ENTRY--PERSONAL NAME | |
| Personal name | REDDY, J.N |
| 9 (RLIN) | 8848 |
| 245 ## - TITLE STATEMENT | |
| Title | APPLIED FUNCTIONAL ANALYSIS AND VARATIONAL METHODS IN ENGINEERING |
| 260 ## - PUBLICATION, DISTRIBUTION, ETC. | |
| Place of publication, distribution, etc. | NEWYORK |
| Name of publisher, distributor, etc. | MCGRAW HILL |
| Date of publication, distribution, etc. | 1986 |
| 300 ## - PHYSICAL DESCRIPTION | |
| Extent | 546P |
| 942 ## - ADDED ENTRY ELEMENTS (KOHA) | |
| Koha item type | Book |
| Withdrawn status | Lost status | Damaged status | Not for loan | Permanent Location | Current Location | Shelving location | Date acquired | Total Checkouts | Full call number | Barcode | Date last seen | Price effective from | Koha item type |
|---|---|---|---|---|---|---|---|---|---|---|---|---|---|
| College of Electrical & Mechanical Engineering (CEME) | College of Electrical & Mechanical Engineering (CEME) | General Stacks | 07/12/2017 | 515 RED'A | CEME-24779 | 06/28/2021 | 06/28/2021 | Book |
